000 005460000a22002170004500
003 LK-CoMWRAF
005 20230930201840.0
008 230817t ||||| |||| 00| 0 eng d
020 _a0500810443
040 _aLK-CoMWRAF
_dLK-CoMWRAF
_eLK-CoMWRAF
041 _aeng
082 _a291.215
_bWIL
100 _aWilson, Peter Lamborn
245 _aAngels :
_bMessengers of the Gods
260 _aLondon :
_bThames and hudson,
_c1994
300 _a94p
650 _aAngels in art
650 _aAngels
650 _aArt and religion
942 _cBK
999 _c826
_d826